| 000 | 00622cam a22002292a 4500 | ||
|---|---|---|---|
| 001 | 004249 | ||
| 003 | AR-FADEU | ||
| 008 | 311216n1994####xxu####################dd | ||
| 020 | _a950-99711 | ||
| 092 |
_aA864.42 _bU26 |
||
| 100 | _aUgarte, Manuel Baldomero | ||
| 245 | _aLa patria grande : y otros textos | ||
| 260 | _aBuenos Aires | ||
| 260 | _bSecretaría de Cultura de la Nación | ||
| 260 | _bTheoría | ||
| 260 | _c1994 | ||
| 300 | _a191 p | ||
| 440 |
_aIdentidad Nacional _n97 |
||
| 500 | _aIncluye bibliografía.-- Prólogo de Jorge Bolivar | ||
| 650 | _aLITERATURA ARGENTINA-ENSAYO | ||
| 942 | _cBDGR | ||
| 999 |
_c10075 _d10075 |
||